| 000 | 00573nam a2200193 a 4500 | ||
|---|---|---|---|
| 005 | 20220929064300.0 | ||
| 008 | 991125s1975 bar 000 0 spa u | ||
| 020 | _a8425208696 | ||
| 035 | _aUPN01000008193 | ||
| 049 | _aCG | ||
| 050 | 4 |
_aPN1995.9 S6 _bT8.28 |
|
| 100 | 1 |
_aTudor, Andrew, _d1942- |
|
| 245 | 1 | 0 |
_aCine y comunicación social / _cA. Tudor ; tr. de Justo G. Beramendi. |
| 260 |
_aBarcelona, Esp. : _bG. Gili, _c1975. |
||
| 300 |
_a288 p. : _bfotos |
||
| 440 | 0 | _aComunicación visual | |
| 650 | 7 |
_aCinematografía _xAspectos sociales _2 _910198 |
|
| 905 | _aLibro | ||
| 999 |
_c8193 _d8193 |
||